|
|
|
|
| LEADER |
00000nam a2200000 a 4500 |
| 001 |
vtls011741863 |
| 003 |
SK-MaSNL |
| 005 |
20260301183117.0 |
| 008 |
240318t1573 gw af 000 0 ger |
| 015 |
|
|
|a SNBHFA1573
|
| 035 |
|
|
|a 4AA59EDA-B49D-4AD9-AA14-65F1CA467FFF
|
| 035 |
|
|
|a urn:nbn:sk:snk-am3ha79
|
| 035 |
|
|
|a urn:nbn:sk:snk-am00crfc
|
| 040 |
|
|
|a SNKHF
|b slo
|c SNK
|e AACR2
|
| 041 |
0 |
|
|a ger
|
| 044 |
|
|
|a gw
|c DE
|
| 072 |
|
7 |
|a 355/359
|x Vojenstvo. Obrana krajiny. Ozbrojené sily
|2 konspekt
|
| 080 |
|
|
|a 355.4(091)
|2 2011
|
| 100 |
1 |
|
|a Fronsperger, Leonhardt,
|d 1520-1575
|4 aut
|9 557929
|
| 245 |
1 |
0 |
|a Kriegßbuch
|b Ander Theyl Von Wagenburgk vmb die Veldleger, Wie man die schliessen/ sich darein verschantzen/ wider auffbrechen/ vnnd ein Statt Oder Festung mit vortheyl Belägern/ Vmbschantzen/ vnd Vndergraben soll: Auch welcher gestalt/ Stätt/ Schlösser/ vnd andere Gebäuw/ in vnd ausserhalb Feindts nöthen/ nützlich mögen erbauwet/ bewart/ vnd nach notturfft versehen werden: Vnd was zu einem gantzen Feldtzug/ an Munition/ Personen vnd Vnkosten gehörig. Jtem/ von allerley Geschütz vnd Feuwerwerck/ nach Geometrischer art zugebrauchen: Wie man schädliche vnnd Lust Feuwer werffen/ den Salpetter vnd Puluer zubereyten vnd erhalten soll/ Vnd wie Zeughäuser verwart/ erhalten/ vnd ein gewaltiger Hauff in uter Ordnung/ mit notwendigen Artickeln sol versehen und regiert werden. Alles mit schönen Figuren gezieret vnd an Tag geben/ Durch Leonhardt Fronsperger
|
| 246 |
0 |
|
|a Von Wagenburgk
|
| 260 |
|
|
|a Getruckt zu Franckfurt am Mayn/
|b (durch Martin Lechler/ Jn verlegung Sigmund Feyerabendts)
|c Jm Jar nach Christi Geburt/ 1573
|
| 300 |
|
|
|a [6], CXII [=112], [6], CXV [=115] - CCXXVII [=227], [7] l.
|c Fol.
|c 33 x 22, 5 cm
|
| 500 |
|
|
|a Signet, vinety, iniciálky s ornamentálnym pozadím vo voľnom priestore na 3-10 r., titulný list s červeno-čiernou tlačou, portrét L. Fronspergera, v texte bohaté drevorezové ilustrácie, nákresy, kustódy
|
| 501 |
|
|
|a Príväzok 1.: FRONSPERGER, Leonhardt. Kriegßbuch/ Dritter Theyl. Getruckt zu Franckfurt am Mayn : (durch Martin Lechler/ Jn verlegung Sigmund Feyerabendts), 1573, fol.
|5 SNK IB 73575/2
|
| 508 |
|
|
|a Ded.: Rudolf II. - cisár rímsko-nemecký; Fronsperger, Leonhardt; pref.: Fronsperger, Leonhardt
|
| 510 |
4 |
|
|a VD 16 F/3122
|
| 550 |
|
|
|a Impresorské údaje doplnené z kolofónu
|
| 561 |
|
|
|a Proveniencia: pečiatka Dr. E. Kadarász - ver. not. poz. Margity Zayovej Čís. 1036. - supralibros S. S. Z. V. 1597. - Stephani Szeidelij. - Ferendum et sperandum progressioes impedit persuasio. Bellum gerendum, ut in pace [...].
|5 SNK IB 73575/2
|
| 563 |
|
|
|a Väzba: pôvodná, renesančná, bledá koža s ornamentálnou a figurálnou slepotlačou, drevené dosky, poškodené spony, na chrbte uvedený autor a názov knihy, rok 1573, modrý štítok s č. 1065.
|5 SNK IB 73575/2
|
| 650 |
0 |
7 |
|a vojenské dejiny
|2 SNKPH
|9 70411
|
| 700 |
1 |
|
|a Zaiová, Margita,
|d 1868-1937
|4 own
|9 186369
|
| 700 |
1 |
|
|a Kadarász, Ernest
|4 oth
|9 302455
|
| 700 |
1 |
|
|a Szeidelius, Stephan
|4 own
|9 557930
|
| 700 |
0 |
|
|a Rudolf
|b II.,
|c cisár Svätej ríše rímskej,
|d 1552-1612
|4 hnr
|9 158465
|
| 700 |
1 |
|
|a Fronsperger, Leonhardt
|4 aui
|4 dto
|9 557931
|
| 700 |
1 |
|
|a Lechler, Martin,
|d zomrel 1594
|4 prt
|9 54487
|
| 700 |
1 |
|
|a Feyerabend, Sigmund,
|d 1528-1590
|4 pbl
|9 158368
|
| 710 |
2 |
|
|a Lechler, Martin, verleg. Feyerabend, Sigmund (Frankfurt am Main, Nemecko)
|4 prt
|9 557932
|
| 752 |
|
|
|a Nemecko
|d Frankfurt am Main
|
| 852 |
|
|
|a SNK
|b Zaiova knižnica: Zay M 1065/2
|
| 958 |
|
|
|a ONDV
|
| 999 |
|
|
|c 855894
|d 857824
|
| 952 |
|
|
|t Zay 1065
|a SNK
|b SNK
|c SNK_HF
|y PREZ
|7 0
|p 17A1299609
|o snkIB 73575/2
|i snk2018/4219
|8 5
|z Príväzky: 1
|0 0
|1 0
|4 0
|d 2018-02-15
|f 1
|l 0
|r 2026-02-24 04:56:05
|w 2026-02-24
|